Mensaje del Presidente de la República de Costa Rica, Don Rodrigo Carazo Odio. Rendido ante la Asamblea Legislativa de Costa Rica el día 1 de mayo de 1979

Guardado en:
書目詳細資料
主要作者: Carazo Odio, Rodrigo
格式: Texto
出版: San José: s.e.
標簽: 添加標簽
沒有標簽, 成為第一個標記此記錄!

MARC

LEADER 00000 a a2200000 04500
001 22443
003
040
090 |a 151900  
100 |a Carazo Odio, Rodrigo  
245 |a Mensaje del Presidente de la República de Costa Rica, Don Rodrigo Carazo Odio. Rendido ante la Asamblea Legislativa de Costa Rica el día 1 de mayo de 1979  
260 |a San José:   |b s.e.  
300 |a 5 p.  
999 |c 12796  |d 12796